World journal of life sciences and medical research

Detalles Bibliográficos
Formato: Electrónico Revista
Lenguaje:inglés
Publicado: Taipei, Taiwan : Research, Reviews, and Publications, 2011-
Materias:
Acceso en línea:Full text available from Research Library: 01/01/2011 to 05/31/2014

MARC

LEADER 00000nas a2200000 i 4500
001 ssj0001077979
003 WaSeSS
005 20200512172242.0
006 m d
007 cr n
008 140109c20119999ch m| p|s|||||| |0eng d
022 |a 2249-0574  |l 2249-0574 
035 |a (WaSeSS)ssj0001077979 
040 |a WaSeSS  |b eng  |c WaSeSS  |d WaSeSS 
050 1 4 |a QH301 
210 0 |a World j. life sci. med. res. 
222 0 |a World journal of life sciences and medical research 
245 0 0 |a World journal of life sciences and medical research  |h [electronic resource]. 
260 |a Taipei, Taiwan :  |b Research, Reviews, and Publications,  |c 2011- 
310 |a Monthly 
362 1 |a Began with Volume 1 (1) (2011). 
506 |a License restrictions may limit access. 
588 |a Description based on: Volume 1 (1) (2011); title from title screen (ProQuest, viewed Jan. 9, 2014). 
588 |a Latest issue consulted: Volume 3 (1) (2013) (viewed Jan. 9, 2014). 
650 0 |a Life sciences  |v Periodicals. 
650 0 |a Medicine  |x Research  |v Periodicals. 
655 0 |a Electronic journals. 
856 4 0 |z Full text available from Research Library: 01/01/2011 to 05/31/2014  |u https://search.proquest.com/publication/1556336